| 000 | 00800nam a2200217 a 4500 | ||
|---|---|---|---|
| 001 | 016659 | ||
| 003 | BD-ChCU | ||
| 008 | Ben | ||
| 020 | _a৯৮৪৬৫২০১৩১ | ||
| 040 |
_aDLC _cDLC _dBD-ChCU |
||
| 082 | 0 | 0 | _a১৮৩.০২৯২/বেগ১বি |
| 100 | 1 |
_aবেগম, ফিরোজা _b- |
|
| 245 | 1 | 0 |
_aবিশ্ব সভ্যতার অগ্রনায়ক সক্রেটিস প্লেটো ও অ্যারিস্টটল _b- |
| 250 | _a*** | ||
| 260 |
_aঢাকা _bমেরিট ফেয়ার _c১৯৯১ |
||
| 300 | _a** | ||
| 504 | _a- Biblio- | ||
| 650 | 0 |
_aসক্রেটিস, প্লেটোও অ্যারিস্টটল-জীবনী _bজীবনী |
|
| 700 | 1 | _a- | |
| 942 |
_2ddc _cBK |
||
| 999 |
_c16659 _d16659 |
||